000 00577nam a2200181Ia 4500
005 20250508152737.0
008 008 250505s9999 xx 000 0 hin d
037 _aTextual
040 _aFEDL
_beng
_cFEDL
041 _ahin
_2eng
084 _a891.43, SHA
_qFEDL
100 _aSharma Kedar Nath Tr.
_9762269
245 0 _aKatha saritsagar, Pratham khand: Mul sanskrit ke sath pratham lumbak se psshtth lumbak tak
260 _aPatna, India
_bBihar Rashtrabhasha Parishad
_c1862
300 _a815p
942 _cTEXL
_h891.43, SHA
999 _c1338447
_d1338447